Phân lập, kiểm tra tính nhạy cảm đối với kháng sinh của vi khuẩn Pasteurella gây bệnh đường hô hấp ở heo tại thành phố Cần Thơ và tỉnh Vĩnh Long : Báo cáo tổng kết đề tài khoa học và công nghệ cấp trường

Đề tài phân lập vi khuẩn đường hô hấp gây bệnh từ bệnh phẩm heo mắc bệnh hô hấp, xác định khả năng mẫn cảm kháng sinh của các chủng vi khuẩn phân lập được.

Đã lưu trong:
書目詳細資料
主要作者: Lê, Hồng Phương
格式: 圖書
語言:Undetermined
出版: Cần Thơ Trường Đại học Cần Thơ 2012
主題:
標簽: 添加標簽
沒有標簽, 成為第一個標記此記錄!
Thư viện lưu trữ: Trung tâm Học liệu Trường Đại học Cần Thơ
LEADER 01384nam a2200241Ia 4500
001 CTU_204451
008 210402s9999 xx 000 0 und d
082 |a 636.4089 
082 |b Ph561 
088 |a TSV2012-40 
100 |a Lê, Hồng Phương 
245 0 |a Phân lập, kiểm tra tính nhạy cảm đối với kháng sinh của vi khuẩn Pasteurella gây bệnh đường hô hấp ở heo tại thành phố Cần Thơ và tỉnh Vĩnh Long : 
245 0 |b Báo cáo tổng kết đề tài khoa học và công nghệ cấp trường 
245 0 |c Lê Hồng Phương (Chủ nhiệm đề tài) ; Lý Thị Liên Khai (Cán bộ hướng dẫn) ; Lưu Hồng Phúc, Nguyễn Hoàng Phương Trúc, Lưu Cẩm Xuân Thy (Tham gia thực hiện) 
260 |a Cần Thơ 
260 |b Trường Đại học Cần Thơ 
260 |c 2012 
520 |a Đề tài phân lập vi khuẩn đường hô hấp gây bệnh từ bệnh phẩm heo mắc bệnh hô hấp, xác định khả năng mẫn cảm kháng sinh của các chủng vi khuẩn phân lập được. 
650 |a Swine,Heo 
650 |x Diseases,Bệnh 
904 |i Hải 
915 |a NN 
980 |a Trung tâm Học liệu Trường Đại học Cần Thơ